00476 2200193 4500001002100000005001500021035002000036007000300056008004100059020002200100082000800122084001400130100001400144245002200158250001100180260004600191300002800237650001700265INLIS00000000000150520230110095045 a0010-0123000003ta230110 d f ind  a978-623-97262-6-1 a813 a813 TER b0 aTere Liye1 aBumi /cTere Liye acet. 7 aJakarta :bPT Sabak Grip Nusantara,c2022 a438hlm. ;c13.5 x 20 cm aNovel Remaja